000 00422cam a2200169ua 4500
041 _aeng
_h
082 _a828.09
_bSTR/LA
100 _aStrachey, Lytton .
245 _aLandmarks in French literature /
_cLytton Strachey.
_hTextual Documents
250 _a1 /
_b.
260 _aLondon :
_bChatto and Windus ,
_c1949.
300 _a159 ; .
504 _a
942 _cBK
999 _c3560
_d3560